Football - Équipes entraînées par Laurent Blanc - Statistiques

Statistiques générales
  • Ce quiz a été pris 80 fois
  • Le résultat moyen est 4 sur 6
Answers on the Grid
Answers color-coded by a green-red scale on the quiz's grid according to % correct below.
AC Ajaccio
Girondins de Bordeaux
AJ Auxerre
France espoirs
Juventus de Turin
Al-Ittihad
Montpellier HSC
Equipe de France A
AS Rome
Olympique de Marseille
RC Lens
Al-Rayyan
Football Club de Nantes
SC Toulon
Toulouse FC
AS Monaco
Paris Saint-Germain Football Club
Bayern Munich
Olympique lyonnais
Stade de Reims
 
Statistiques - réponses
Réponse % Correct
Paris Saint-Germain Football Club
93%
Equipe de France A
80%
Olympique lyonnais
76%
Girondins de Bordeaux
75%
Al-Ittihad
63%
Al-Rayyan
54%
Aucun quiz correspondant
Distribution des résultats
% des personnes avec chaque résultat
Percentile par nombre de réponses
Votre historique - résultats
Vous n’avez pas pris ce quiz